Normal view MARC view
  • Rivera, Mayra

Entry NOMBRE PERSONAL

Number of records used in: 2

001 - NUMERO DE CONTROL DEL REGISTRO

  • Campo de control: 91672

003 - IDENTIFICADOR DEL NÚMERO DE CONTROL

  • Campo de control: ES-SlBCS

005 - FECHA Y HORA DE LA ÚLTIMA TRANSACCIÓN

  • Campo de control: 20210327224013.0

008 - ELEMENTOS DE LONGITUD FIJA

  • Campos de control de longitud fija: 210327|| aca||aabn | a|a d

040 ## - FUENTE DE LA CATALOGACIÓN

  • Agencia que crea de manera original el registro: ES-SlBCS
  • Agencia que realiza la transcripción: ES-SlBCS

100 ## - ENCABEZAMIENTO - NOMBRE PERSONAL

  • Nombre personal: Rivera, Mayra

670 ## - FUENTE EN LA QUE SE LOCALIZARON DATOS

  • Cita de la fuente: Work cat.: (ES-SlBCS)451991: Rivera, Mayra, Carne del mundo: corporeidad en la relación

Bibliotecas Dominicos Provincia Hispania, 2016

Con tecnología Koha